Catálogo
 En Linea

El modelo cognitivo conductual : (Registro nro. 4444)

Detalles MARC
000 -CABECERA
campo de control de longitud fija 01538nam a2200265 a 4500
001 - NÚMERO DE CONTROL
campo de control 000004637
005 - FECHA Y HORA DE LA ÚLTIMA TRANSACCIÓN
campo de control 20251017115024.0
008 - DATOS DE LONGITUD FIJA--INFORMACIÓN GENERAL
campo de control de longitud fija 090724s2008 dr ad f 001 0 spa d
020 ## - NÚMERO INTERNACIONAL ESTÁNDAR DEL LIBRO
Número Internacional Estándar del Libro 9789945162349
040 ## - FUENTE DE LA CATALOGACIÓN
Centro catalogador/agencia de origen DO-SdBNP
Lengua de catalogación spa
Centro/agencia transcriptor BNPHU
082 ## - NÚMERO DE LA CLASIFICACIÓN DECIMAL DEWEY
Número de clasificación 616.8914
Número de documento/Ítem Q7m
100 1# - ENTRADA PRINCIPAL--NOMBRE DE PERSONA
Nombre de persona Quinto Barrera, See King Emilio
9 (RLIN) 13515
245 13 - MENCIÓN DE TÍTULO
Título El modelo cognitivo conductual :
Resto del título manual de psicoterapia /
Mención de responsabilidad, etc. See King Emilio Quinto Barrera ; prefacio Judith Beck ; prólogo Carlos Berganza ; colaboradora Claudia Escobedo.
260 ## - PUBLICACIÓN, DISTRIBUCIÓN, ETC.
Lugar de publicación, distribución, etc. Santo Domingo :
Nombre del editor, distribuidor, etc. Búho,
Fecha de publicación, distribución, etc. 2008.
300 ## - DESCRIPCIÓN FÍSICA
Extensión 112 p. :
Otras características físicas il., tablas ;
Dimensiones 23 cm.
504 ## - NOTA DE BIBLIOGRAFÍA, ETC.
Nota de bibliografía, etc. Bibliografía : p. 110-112
505 0# - NOTA DE CONTENIDO CON FORMATO
Información miscelánea A modo de presentación /
Mención de responsabilidad César Mella Mejías --
Información miscelánea Prefacio /
Mención de responsabilidad Judith Beck --
Información miscelánea Proemio /
Mención de responsabilidad Mauricio Sánchez --
Información miscelánea Prólogo /
Mención de responsabilidad Carlos Berganza --
Título Introducción --
-- El modelo congnitivo --
-- Estructura de la sesión y pensamientos automáticos --
-- Tabla de pensamientos disfuncionales --
-- Diagrama de conceptualización cognitiva --
-- Aspectos de la vulnerabilidad: Sociotropía versus autonomía --
-- El modelo cognitivo en el tratamiento de la depresión --
-- El modelo cognitivo en el tratamiento de laansiedad y el pánico --
-- El modelo cognitivo en la desdesperanza y el suicidio.
590 ## - NOTA LOCAL (RLIN)
Nota local Inventariado, 2018/LP
650 #0 - PUNTO DE ACCESO ADICIONAL DE MATERIA--TÉRMINO DE MATERIA
Término de materia o nombre geográfico como elemento de entrada Psicoterapia
9 (RLIN) 465
650 #4 - PUNTO DE ACCESO ADICIONAL DE MATERIA--TÉRMINO DE MATERIA
Término de materia o nombre geográfico como elemento de entrada Terapia conductual
9 (RLIN) 13516
700 1# - PUNTO DE ACCESO ADICIONAL--NOMBRE DE PERSONA
Nombre de persona Berganza, Carlos,
Término indicativo de función/relación pról.
9 (RLIN) 13517
700 1# - PUNTO DE ACCESO ADICIONAL--NOMBRE DE PERSONA
Nombre de persona Beck, Judith,
Término indicativo de función/relación pref.
9 (RLIN) 13518
700 1# - PUNTO DE ACCESO ADICIONAL--NOMBRE DE PERSONA
Nombre de persona Escobedo, Claudia,
Término indicativo de función/relación col.
9 (RLIN) 13519
910 ## - DATOS DE OPCIÓN DEL USUARIO (OCLC)
Datos de opción del usuario Validado. Control de calidad EMS
Existencias
Estado de retiro Estado de pérdida No para préstamo Código de colección Localización permanente Ubicación/localización actual Ubicación en estantería Fecha de adquisición Número de inventario Total de préstamos Signatura topográfica completa Código de barras Fecha visto por última vez Número de copia Precio válido a partir de Tipo de ítem Koha
  Extraviado Excluido de préstamo Patrimonio Dominicano Patrimonio Dominicano Patrimonio Dominicano Extraviado 17.09.2010 LF1   616.8914 Q7m 4637-20 25.06.2020 e. 2 25.06.2020 Libro y Folleto Colección Patrimonio Dominicano
    Excluido de préstamo Patrimonio Dominicano Patrimonio Dominicano Patrimonio Dominicano Depósito 24.07.2009 LF1   616.8914 Q79m 4637-10 25.06.2020   25.06.2020 Libro y Folleto Colección Patrimonio Dominicano

Con tecnología Koha